Quiz na A - Statystyki

Ogólne statystyki
  • Ten quiz został rozwiązany 37 razy
  • Średni wynik to 11 z 20
Statystyki odpowiedzi
Hint Odpowiedź % Poprawnych
Jak nazywa się szwedzki zespół muzyczny grający muzykę pop, który wygrał 19. konkurs Eurowizji? Abba
100%
Jak nazywa się osoba, która świadomie rezygnuje ze spożycia alkoholu lub innych substancji odurzających? Abstynent
100%
Jak nazywa się bohater grecki, znany z jego czułego punktu - pięty? Achilles
100%
Jak nazywa się marka sportowa, której logo to trzy paski? Adidas
100%
Jak nazywa się osoba, która reprezentuje klientów w sądzie? Adwokat
100%
Jak nazywa się substancja, która jest rozpylana w powietrzu w postaci drobnych cząsteczek cieczy lub ciała stałego? Aerozol
100%
Jak nazywa się rodzaj zapinki wykonanej z drutu, której jeden koniec zahacza się za zagięcie znajdujące się na drugim końcu? Agrafka
100%
Jak nazywa się wyróżnienie sylaby w wyrazie lub wyrazu w zdaniu za pomocą nasilenia głosu? Akcent
100%
Jak nazywa się jednostka uczestnictwa w kapitale zakładowym spółki akcyjnej, reprezentująca część własności firmy i uprawniająca do udziału w jej zyskach? Akcja
100%
Jak nazywa się dziedzina sportu lub sztuki cyrkowej polegająca na wykonywaniu trudnych ćwiczeń gimnastycznych? Akrobatyka
100%
Jak nazywa się osoba grająca role w filmach? Aktor
100%
Jak nazywa się szklany zbiornik, gdzie hoduje się ryby? Akwarium
100%
Jak nazywa się stan USA, w którym znajduje się miasto Birmingham? Alabama
100%
Jak nazywa się duży ptak morski o długich skrzydłach? Albatros
100%
Jak miał na imię król Macedonii, panujący w latach od 336 do 323 p.n.e.? Aleksander
100%
Jak nazywa się włoska marka samochodów, której założycielem są Nicola Romeo, Alexandre Darracq, Ugo Stella? Alfa Romeo
100%
Jak nazywa się duży gad występujący w wodach słodkich i słonych? Aligator
100%
Jak nazywa się popularny polski portal internetowy, na którym użytkownicy mogą kupować i sprzedawać różnorodne produkty, a także korzystać z usług związanych z aukcjami internetowymi? Allegro
100%
Jak nazywa się największe pasmo górskie w Europie? Alpy
100%
Jak nazywa się amerykańskie przedsiębiorstwo handlowe, którego założycielem jest Jeff Bezos? Amazon
100%
Jak nazywa się największa pod względem objętości rzeka na świecie, przepływająca przez Amerykę Południową, płynąca przez takie kraje jak Brazylia, Peru i Kolumbia? Amazonka
100%
Jak nazywa się pojazd służący do transportu chorych? Ambulans
100%
Jak nazywa się stolica Holandii? Amsterdam
100%
Jak nazywa się tropikalny owoc o żółtawym miąższu? Ananas
100%
Jak nazywa się imiennik Wajdy? Andrzej
100%
Jak nazywa się łańcuch górski w Ameryce Południowej na terytorium Wenezueli, Kolumbii, Ekwadoru, Peru, Boliwii, Chile i Argentyny? Andy
100%
Jak nazywa się list niezawierający podpisu lub informacji o nadawcy? Anonim
100%
Jak nazywa się kontynent pokryty lodem na południowym krańcu globu? Antarktyda
100%
Jak nazywa się kawałek mięsa z polędwicy wołowej? Antrykot
100%
Jak nazywa się program komputerowy, którego zadaniem jest wykrywanie, blokowanie i usuwanie złośliwego oprogramowania, takiego jak wirusy, trojany czy robaki, chroniąc tym samym system przed atakami cybernetycznymi? Antywirus
100%
Jak nazywa się urządzenie służące do robienia zdjęć? Aparat
100%
Jak nazywa się polskie przedsiębiorstwo jubilerskie założone przez Adama i Piotra Rączyńskich w 1977 roku? Apart
100%
Jak nazywa się miejsce, gdzie można kupić leki? Apteka
100%
Jak nazywa się państwo położone w Azji, którego stolicą jest Rijad? Arabia Saudyjska
100%
Jak nazywa się miejsce, gdzie przechowuje się dokumenty? Archiwum
100%
Jak nazywa się bóg wojny w mitologii greckiej? Ares
100%
Jak nazywa się kraj znany z tanga i Buenos Aires? Argentyna
100%
Jak nazywa się syrenka z filmu animowanego Disneya? Arielka
100%
Jak nazywa się stan USA, który graniczy z stanem Kalifornia, Nevada, Utah, Kolorado, Nowy Meksyk oraz z państem Meksyk? Arizona
100%
Jak nazywa się ciężka broń artyleryjska? Armata
100%
Jak nazywa się państwo śródlądowe na pograniczu Europy i Azji, na Kaukazie Południowym, które jest najstarszym państwem chrześcijańskim na świecie? Armenia
100%
Jak nazywa się zaburzenie rytmu serca, charakteryzujące się nieregularnymi lub nieprawidłowymi impulsami elektrycznymi? Arytmia
100%
Jak nazywa się włoskie miasto znane z Bazyliki Świętego Franciszka? Asyż
100%
Jak nazywa się światopogląd zaprzeczający istnieniu Boga? Ateizm
100%
Jak nazywa się grupa superbohaterek z kreskówek Cartoon Network? Atomówki
100%
Jak nazywa się substancja używana do pisania długopisem? Atrament
100%
Jak nazywa się sieć hipermarketów powstałych we Francji , założona do rodziny Muliez? Auchan
100%
Jak nazywał się największy niemiecki obóz koncentracyjny i zagłady, założony podczas II wojny światowej na terenie okupowanej Polski, w którym zginęło około 1,1 miliona ludzi? Auschwitz
100%
Jak nazywa się kraj graniczący z Niemcami i Włochami? Austria
100%
Jak nazywa się osoba pisząca książki lub artykuły? Autor
100%
Jak nazywa się drzewo o jadalnych ciemnozielonych owocach, mających kształt gruszki, tłusty miąższ i dużą pestkę, uprawiane w strefie tropikalnej, także owoc tego drzewa? Awokado
100%
Jak nazywa się okres czterech tygodni poprzedzających święto Bożego Narodzenia w liturgii rzymskokatolickiej? Adwent
83%
Jak nazywa się mała, zadaszona budowla w ogrodzie lub parku, często otwarta z wszystkich stron, służąca do odpoczynku i ochrony przed słońcem lub deszczem? Altana
83%
Jak nazywa się najważniejsze i najbardziej znane wzgórze w Atenach, na którym znajdują się starożytne świątynie, w tym Partenon? Akropol
80%
Jak nazywa się kontynent, na którym znajduje się Brazylia? Ameryka Południowa
80%
Jakie imię nosiła postać, która była siostrą Elsy w popularnym filmie animowanym Disneya? Anna
80%
Jak nazywają się pierwotni mieszkańcy Australii, zamieszkujący ten kontynent od tysięcy lat przed przybyciem Europejczyków? Aborygeni
75%
Jak nazywa się reakcja organizmu na kontakt z określonymi substancjami, które normalnie są nieszkodliwe, ale u osób wrażliwych mogą wywoływać objawy takie jak swędzenie, wysypka, katar lub duszność? Alergia
75%
Jak nazywa się bohater baśni z magiczną lampą? Alladyn
75%
Jak nazywa się zwierzę hodowane dla wełny w Ameryce Południowej? Alpaka
75%
Jak nazywa się podstawowa jednostka natężenia prądu elektrycznego Amper
75%
Jak nazywa się wielki wąż żyjący w Ameryce Południowej? Anakonda
75%
Jak nazywa się małe państwo pomiędzy Hiszpanią i Francją? Andora
75%
Jak nazywa się język urzędowy Australii? Angielski
75%
Jak nazywa się stolica Turcji? Ankara
75%
Jak nazywa się roślina warzywna mająca owoce w kształcie dużej kuli, o zielonej skórce i czerwonym miąższu, także owoc tej rośliny? Arbuz
75%
Jak nazywa się tymczasowe miejsce zatrzymania podejrzanego o popełnienie przestępstwa, zazwyczaj przed postawieniem zarzutów lub procesem sądowym? Areszt
75%
Jak nazywa się niemiecka marka samochodów, której założycielem jest August Horch? Audi
75%
Jak nazywa się najmniejszy kontynent świata? Australia
75%
Jak nazywa się osłona lampy? Abażur
67%
Jak nazywa się największy stan USA pod względem powierzchni, znajdujący się na północy kontynentu amerykańskiego? Alaska
67%
Jak nazywa się niemiecka sieć dyskontów spożywczo-przemysłowych rodziny Albrechtów z Essen, która jest obecna na pięciu kontynentach? Aldi
67%
Jak nazywa się chiński serwis sprzedażowy, należący do Alibaba Group, uruchomiony 26 kwietnia 2010, jako platforma poświęcona wyłącznie sprzedaży detalicznej? Aliexpress
67%
Jak nazywa się hiszpański piosenkarz, znany z przeboju "El Mismo Sol"? Alvaro Soler
67%
Jak nazywa się dążenie do osiągnięcia sukcesu lub celu? Ambicja
67%
Jak nazywa się kontynent, na którym znajduje się USA? Ameryka Północna
67%
Jak nazywa się państwo wyspiarskie w Ameryce Środkowej? Antigua i Barbuda
67%
Jak nazywa się uroczyste wydarzenie, na które wszyscy ubierają się na galowo i spotykają się w szkole? Apel
67%
Jak nazywa się ostatnia księga Nowego Testamentu? Apokalipsa
67%
Jak nazywa się firma, która produkuje iPhony i Macbooki? Apple
67%
Jak nazywa się warstwa społeczna, która dziedziczy tytuły i majątek? Arystokracja
67%
Jak nazywa się dyscyplina sportowa obejmująca biegi, skoki i rzuty? Atletyka
67%
Jak inaczej nazywa się program radiowy? Audycja
67%
Jak nazywa się nagłe i nieoczekiwane zakłócenie działania urządzenia, maszyny lub systemu, które prowadzi do jego nieprawidłowego funkcjonowania lub całkowitego zatrzymania? Awaria
67%
Jak nazywa się przednia strona monety, na której zazwyczaj umieszczany jest wizerunek lub symbol państwowy? Awers
67%
Jak nazywa się osoba zajmująca się tajnymi operacjami? Agent
60%
Jak nazywa się fragment tekstu pisemnego, który zawiera logicznie spójną myśl lub temat, często rozpoczynający się wcięciem i zakończony pustą linią lub innym wyróżnieniem w tekście? Akapit
60%
Jak nazywa się tytułowy bohater serii filmów animowanych, której głównymi bohaterami są trzy wiewiórki oraz ich opiekun, Dave? Alvin
60%
Jak nazywa się stolica Grecji? Ateny
60%
Jaki przydomek nadano Oktawianowi, który oznacza „dostojny, boski, majestatyczny, poświęcony, święty, czcigodny, pomyślny, wzniosły" August
60%
Jak nazywa się własnoręczne podpisanie swojego imienia? Autograf
60%
Jak nazywa się funkcja w urządzeniach elektronicznych, która automatycznie poprawia błędy pisowni lub gramatyczne w tekście podczas jego wprowadzania? Autokorekta
60%
Jak nazywa się kraj w Afryce, graniczący z Atlantykiem? Angola
57%
Jak nazywa się medyczna procedura przerywania ciąży przed urodzeniem dziecka, przeprowadzana zazwyczaj ze względów zdrowotnych, społecznych lub osobistych? Aborcja
50%
Jak nazywa się dostosowanie zachowania do wymogów sytuacji i środowiska? Adaptacja
50%
Jak nazywa się kraj w Azji, znany z konfliktów zbrojnych? Afganistan
50%
Jak nazywa się grecka bogini miłości? Afrodyta
50%
Jak nazywa się kontynent, na którym znajduje się najmniej wody pitnej ze wszystkich pozostałych? Afryka
50%
Jak nazywa się roślina ozdobna, pochodząca z Meksyku i Ameryki Południowej, kwitnąca tylko raz, uprawiana ze względu na liście Agawa
50%
Jak nazywa się instrument muzyczny z klawiaturą i umieszczonymi poziomo rzędami przycisków, który generuje dźwięk poprzez wciąganie i wypuszczanie powietrza za pomocą błony? Akordeon
50%
Jak nazywa się gatunek płaza z rodziny ambistomowatych? Aksolotl
50%
Jak nazywa się naziemny wodociąg wraz z podtrzymującą go konstrukcją, doprowadzający wodę z terenów położonych wyżej? Akwedukt
50%
Jak nazywa się kraj na Bałkanach, graniczący z Morzem Adriatyckim? Albania
50%
Jak nazywa się system znaków lub liter używanych do zapisu języka, składający się z określonej liczby symboli, z których każdy reprezentuje pewną dźwiękową lub fonetyczną wartość? Alfabet
50%
Jak potocznie nazywa się mężczyzna chodzący z wieloma kobietami? Alfons
50%
Jak nazywa się kraj w północnej Afryce, graniczący z Morzem Śródziemnym? Algeria
50%
Jak nazywa się roślina używana w kosmetykach i lecznictwie? Aloes
50%
Jak nazywa się wysłannik dyplomatyczny jednego kraju w innym? Ambasador
50%
Jak nazywa się słowo lub zdanie utworzone przez przestawienie liter, lub liter i wyrazów innego słowa, lub zdania? Anagram
50%
Jak nazywa się włączenie siłą przez państwo całości lub części terytorium innego państwa? Aneksja
50%
Jak nazywa się choroba polegająca na zmniejszeniu się poniżej normy stężenia hemoglobiny we krwi lub liczby krwinek czerwonych? Anemia
50%
Jak nazywa się lalka z horroru, znana z filmów o tym samym tytule Annabelle
50%
Jak nazywa się stolica Madagaskaru? Antananarywa
50%
Jak nazywa się miejsce, gdzie sprzedaje się stare książki Antykwariat
50%
Jak nazywa się płat tkaniny noszony na szyi? Apaszka
50%
Jak nazywała się misja kosmiczna, przeprowadzona przez NASA, która wysłała pierwszych ludzi na Księżyc w lipcu 1969 roku? Apollo
50%
Jak nazywa się grupa wysp rozciągająca się na szerokim obszarze w oceanie lub morzu? Archipelag
50%
Jak nazywa się osoba projektująca budynki? Architekt
50%
Jak nazywa się stan USA, którego stolicą jest Little Rock? Arkansas
50%
Jak nazywa się obszar pokryty lodem na północnym krańcu globu? Arktyka
50%
Jak nazywa się siostra bliźniacza Apolla w mitologii greckiej? Artemida
50%
Jak nazywa się postać z serii komiksowej i filmów animowanych, mały Gal Rzymian, który nosi hełm z dwiema piórami oraz nosi zawsze miecz Asteriks
50%
Jak na nazwisko ma brytyjski aktor i komik, znany z ról takich jak Mr. Bean, oraz z serii filmów o Johnny'm Englishu? Atkinson
50%
Jak nazywa się najwyższe pasmo górskie w Afryce Północnej, rozciągające się przez Maroko, Algierię i Tunezję? Atlas
50%
Jak nazywa się zaginiona, biblijna skrzynia, w której przechowywano tablice z dziesięciorgiem przykazań? Arka Przymierza
40%
Jak nazywa się duży zorganizowany związek wojskowy, który wykonuje działania militarne w imieniu państwa lub organizacji? Armia
40%
Jak nazywa się niezwykle zdolny chłopiec z "Akademii Pana Kleksa"? Adaś Niezgódka
33%
Jak nazywa się likier alkoholowy o karmelowym smaku? Ajerkoniak
33%
Jak nazywa się terytorium zamorskie na Cyprze? Akrotiri
33%
Jak nazywa się zbiór zdjęć lub piosenek? Album
33%
Jak nazywa się powieść autorstwa Lewisa Carroll z 1865 roku? Alicja w Krainie Czarów
33%
Jak nazywa się firma produkująca sprzęt AGD? Amica
33%
Jak potocznie nazywa się starszy typ aparatu fotograficznego, który używa filmu do rejestrowania obrazów, w przeciwieństwie do aparatów cyfrowych? Analog
33%
Jak nazywa się system operacyjny rozwijany przez Google? Android
33%
Jak nazywa się formalny akt oderwania się od dotychczas wyznawanej religii lub odstępstwa od wcześniej przyjętych przekonań religijnych? Apostazja
33%
Jak nazywa się kolorowy ptak z rodziny papug? Ara
33%
Jak nazywa się terytorium zależne Holandii i jedna z wulkanicznych Wysp Zawietrznych w archipelagu Małych Antyli, zamykającego od wschodu Morze Karaibskie? Aruba
33%
Jak nazywa się tendencja do unikania udziału w zjawiskach i zdarzeniach o charakterze społecznym, niechęć do współżycia społecznego? Aspołeczność
33%
Jak nazywa się najwyższy stopień wojskowy w marynarce wojennej, odpowiednik generała w siłach lądowych? Admirał
25%
Jak nazywa się postać z Gwiezdnych Wojen, która stała się Darth Vaderem? Anakin Skywalker
25%
Jak nazywał się słynny szwedzki generał, który dowodził polskimi siłami zbrojnymi podczas II wojny światowej? Anders
25%
Jak nazywa się termin odnoszący się do dźwięku lub technologii związanej z nagrywaniem, przetwarzaniem i odtwarzaniem dźwięku? Audio
25%
Jak nazywają się syntetyczne włókna, tworzone z polimeru? Akryl
20%
Jak nazywają się wyspy w Ameryce Środkowej i Karaibach? Antyle
20%
Jak nazywa się kolczaste drzewo lub krzew rosnące w Afryce i Australii Akacja
14%
Jak nazywa się nieuznawane państwo, które formalnie jest częścią Gruzji? Abchazja
0%
Jak nazywał się szesnasty prezydent Stanów Zjednoczonych, który znany jest z ogłoszenia Emancypacji, proklamacji, która zniosła niewolnictwo? Abraham
0%
Jak nazywa się osoba, która adoruje kogoś, zwykle w sposób nieco nachalny i przymilny? Absztyfikant
0%
Jak nazywa się organiczny związek chemiczny, rozpuszczalny w wodzie, ostry zapach i stosowany między innymi jako rozpuszczalnik przemysłowy oraz w kosmetykach do usuwania lakieru do paznokci? Aceton
0%
Jak nazywa się miasto w Jemenie, nad Zatoką Adeńską? Aden
0%
Jak nazywa się osoba, która intensywnie studiuje lub doskonali się w danej dziedzinie w celu osiągnięcia biegłości lub wiedzy? Adept
0%
Jak nazywa się osoba lub instytucja, do której jest skierowana przesyłka, list lub wiadomość? Adresat
0%
Jak nazywa się proces wyrażania lub potwierdzania pozytywnych przekonań, poglądów lub wartości, zazwyczaj w celu wzmocnienia pewności siebie i motywacji? Afirmacja
0%
Jak nazywa się duża, lądowa jaszczurka, żyjąca w Australii? Agama
0%
Jak nazywa się wódz grecki, bohater Iliady Homera? Agamenon
0%
Jak nazywa się lista zadań lub tematów do omówienia, zazwyczaj sporządzana przed spotkaniem, zebraniem lub innym wydarzeniem? Agenda
0%
Jak nazywa się plastikowy lub metalowy zakończenie sznurówek? Aglet
0%
Jak nazywa się osoba, która nie jest pewna istnienia Boga? Agnostyk
0%
Jak nazywa się forma zachowania atakującego innych? Agresja
0%
Jak nazywa się krzew o kolczastych pędach i drobnych, zielonych, jadalnych owocach, także owoc tego krzewu Agrest
0%
Jak określa się dziedzinę informatyki, która zajmuje się tworzeniem systemów komputerowych, zdolnych do wykonywania zadań wymagających inteligencji ludzkiej, takich jak rozpoznawanie mowy czy analiza danych? Ai
0%
Jak nazywa się dziedzina zajmująca się dźwiękiem? Akustyka
0%
Jak nazywa się słynny czarodziej, dyrektor Hogwartu z sagi o Harrym Potterze? Albus Dumbledore
0%
Jak nazywa się postać, motyw lub fabuła mające poza znaczeniem dosłownym stały umowny sens przenośny? Alegoria
0%
Jak nazywa się drugie co do wielkości miasto w Egipcie? Aleksandria
0%
Jak nazywa się ściśle określony ciąg czynności, których wykonanie prowadzi do rozwiązania jakiegoś zadania? Algorytm
0%
Jakie imię pochodzenia germańskiego wywodzi się od słowa alwisi oznaczającego „mądry"? Alojzy
0%
Jak nazywa się opcja będąca wyborem pomiędzy dwoma innymi? Alternatywa
0%
Jak na imię ma tytułowy bohater „Akademii Pana Kleksa" Ambroży
0%
Jak nazywa się starożytna odkryta budowla widowiskowa z areną lub sceną pośrodku i wznoszącą się wokół niej schodkową widownią? Amfiteatr
0%
Jak nazywa się akt łaski, w którym państwo rezygnuje z wymierzania kary za popełnione przestępstwo, zazwyczaj wobec określonej grupy osób? Amnestia
0%
Jak nazywa się nauka o rozbiorze pojęć i myśli? Analityka
0%
Jak nazywa się dodatkowy fragment tekstu, najczęściej znajdujący się na końcu książki lub dokumentu, zawierający dodatkowe informacje, odniesienia lub anegdoty na temat treści głównej? Aneks
0%
Jak nazywa się jedna z gałęzi chrześcijaństwa, która powstała w okresie reformacji w Anglii w XVI wieku? Anglikanizm
0%
Jak nazywa się wyspa w archipelagu Małych Antyli? Anguilla
0%
Jak określa się postać literacka lub filmowa, która stoi na przeciwnej stronie głównego bohatera lub protagonisty, często pełniąc rolę przeciwnika? Antagonista
0%
Jak nazywa się urządzenie służące do odbioru lub nadawania fal radiowych? Antena
0%
Jak nazywa się substancja lub lek stosowany w celu neutralizacji działania trujących substancji lub leków? Antidotum
0%
Jak nazywała się polska królowa, znana również jako Święta Jadwiga, która panowała w Polsce w XIV wieku? Antygaweńska
0%
Jak nazywa się postać z tragedii Sofoklesa, która postanawia pochować swojego brata wbrew zakazowi władzy, co prowadzi do dramatycznych konsekwencji dla niej i jej rodziny? Antygona
0%
Jak nazywa się szybkie zwierzę kopytne zamieszkujące Afrykę? Antylopa
0%
Jak nazywa się osoba zajmująca się zapobieganiem aktom przemocy? Antyterrorysta
0%
Jak nazywa się roślina, która jest częstym składnikiem herbat ziołowych poprawiającym trawienie m.in. dzięki jej działaniom rozkurczającym na mięśnie gładkie jelit? Anyż
0%
Jak nazywa się pozytywne przyjęcie lub zgoda na zaproponowany pomysł lub decyzję? Aprobata
0%
Jak nazywa się osoba zajmująca się badaniami historycznymi? Archeolog
0%
Jak nazywa się przesadne przekonanie o własnej wyższości? Arogancja
0%
Jak określa się przyjemny zapach lub woń, często pochodzący z przypraw, kwiatów lub innych substancji, który dodaje smaku potrawom lub otoczeniu? Aromat
0%
Jak nazywa się dziedzina wojskowa odpowiedzialna za działania związane z obsługą i użyciem dział artyleryjskich, które są wykorzystywane do ostrzeliwania celów na dużą odległość? Artyleria
0%
Jak określa się różnorodność produktów w sklepie? Asortyment
0%
Jak nazywa się tajwańskie przedsiębiorstwo zajmujące się produkcją elektroniki, głównie: płyt głównych, kart graficznych, laptopów, smartfonów, tabletów, komputerów stacjonarnych oraz napędów optycznych? Asus
0%
Jaki tytuł nosi polski dreszczowiec z 2020 roku w reżyserii Konrada Niewolskiego, na podstawie scenariusza Wojciecha Rzehaka? Asymetria
0%
Jak nazywa się bogini mądrości w mitologii greckiej? Atena
0%
Jak nazywa się miejsce, wydarzenie lub obiekt, które przyciągają turystów lub odwiedzających ze względu na swoje walory historyczne, kulturowe, rozrywkowe lub naturalne? Atrakcja
0%
Jak nazywa się sala lub miejsce, w którym odbywają się wykłady, prezentacje lub inne wydarzenia i które jest przeznaczone do pomieszczenia dużej liczby słuchaczy? Audytorium
0%
Jakie nazwisko nosiła autorka książki „Duma i uprzedzenie” Austen
0%
Jak nazywa się maszyna wykonująca cykl pracy bez udziału człowieka lub z jego niewielkim udziałem? Automat
0%
Jak nazywa się zaburzenie neurorozwojowe, charakteryzujące się trudnościami w komunikacji i interakcjach społecznych oraz powtarzalnymi wzorcami zachowań? Autyzm
0%
Jak nazywa się przedsiębiorstwo ogólnoświatowe, zajmujące się produkcją i dystrybucją kosmetyków, które powstało w Nowym Jorku w 1886 roku początkowo pod nazwą California Perfume Company założoną przez Davida H. McConnella? Avon
0%
Jak nazywa się kraj graniczący z Morzem Kaspijskim? Azerbejdżan
0%
Jak nazywa się największy kontynent? Azja
0%
Nie znaleziono quizów pasujących do podanych kryteriów
Rozkład punktacji
Procent ludzi z każdym wynikiem
Percentyl według liczby udzielonych odpowiedzi
Twoja historia wyników
Nie rozwiązałeś tego quizu